000
00331 a2200109 4500
001
ART_46790
005
20260410162000.0
008
260409a
245
1
0
_a
Las enseñanzas que dejan las crisis
100
1
_a
Remes Lenicov, Jorge
773
0
_t
Archivos del presente
_g
- Año 16, Nº 57/58 (ene. 2012)
_w
REV28180
999
_c
31176
_d
31176